100 % Glück und Zufall - Statistiken

Allgemein
  • Dieses Quiz wurde 274 mal gespielt
  • Das Durchschnittsergebnis liegt bei 24 aus 97
Answers on the Grid
Answers color-coded by a green-red scale on the quiz's grid according to % correct below.
1
1
1
1
1
1
1
1
1
1
1
1
1
1
1
1
1
1
1
1
1
1
1
1
1
1
1
1
1
1
1
1
1
1
1
1
1
1
1
1
1
1
1
1
1
1
1
1
1
1
1
1
1
1
1
1
1
1
1
1
1
1
1
1
1
1
1
1
1
1
1
1
1
1
1
1
1
1
1
1
1
1
1
1
1
1
1
1
1
1
1
1
1
1
1
1
1
1
1
1
 
Antwortstatistiken
Antwort % Korrekt
1
33%
1
33%
1
32%
1
31%
1
31%
1
31%
1
31%
1
31%
1
31%
1
31%
1
30%
1
30%
1
29%
1
29%
1
29%
1
29%
1
28%
1
28%
1
28%
1
27%
1
27%
1
27%
1
27%
1
27%
1
27%
1
27%
1
26%
1
26%
1
26%
1
26%
1
26%
1
26%
1
26%
1
26%
1
26%
1
26%
1
26%
1
26%
1
26%
1
26%
1
26%
1
26%
1
26%
1
26%
1
26%
1
26%
1
26%
1
26%
1
26%
1
26%
1
26%
1
25%
1
25%
1
25%
1
25%
1
25%
1
25%
1
25%
1
24%
1
24%
1
24%
1
24%
1
24%
1
24%
1
23%
1
23%
1
23%
1
23%
1
23%
1
23%
1
22%
1
22%
1
22%
1
22%
1
22%
1
21%
1
21%
1
21%
1
21%
1
21%
1
21%
1
21%
1
21%
1
21%
1
21%
1
21%
1
21%
1
21%
1
21%
1
20%
1
20%
1
20%
1
20%
1
19%
1
18%
1
17%
1
16%
Keine übereinstimmenden Quizze gefunden
Verteilung der Resultate
Anzahl Personen mit jedem Resultat
Perzentil nach korrekt beantworteten Fragen
Ihre Resultats-Entwicklung
Sie haben dieses Quiz noch nicht gespielt